Countries with Papa John's - Statistics

General Stats
  • This quiz has been taken 62 times
  • The average score is 27 of 48
Answer Stats
Continent Country % Correct
North America United States of America
97%
Europe United Kingdom
89%
North America Canada
86%
North America Mexico
81%
Europe France
78%
Asia China
76%
Europe Ireland
73%
Asia/ Europe Russia
70%
Europe Spain
70%
Asia/ Europe Turkey
70%
South America Chile
68%
North America Panama
65%
Asia India
62%
North America the Bahamas
62%
South America Colombia
59%
North America Costa Rica
59%
Africa Egypt
59%
Asia Saudi Arabia
59%
Europe Poland
57%
Asia United Arab Emirates
57%
South America Venezuela
57%
North America Guatemala
54%
Asia Iraq
54%
Asia Israel
54%
Europe the Netherlands
54%
North America Dominican Republic
51%
South America Ecuador
51%
Africa Morocco
51%
South America Bolivia
49%
North America El Salvador
49%
South America Peru
49%
Asia Qatar
49%
Asia South Korea
49%
Asia Bahrain
46%
Asia Jordan
46%
Asia Kuwait
46%
Asia Malaysia
46%
North America Nicaragua
46%
Asia Oman
46%
Asia the Philippines
46%
Asia Singapore
43%
Europe Cyprus
41%
North America Trinidad and Tobago
41%
Africa Tunisia
41%
Asia Kazakhstan
30%
Asia Azerbaijan
27%
Europe Belarus
27%
Asia Kyrgyzstan
27%
No matching quizzes found
Score Distribution
Percent of People with Each Score
Percentile by Number Answered
Your Score History
You have not taken this quiz